Visualizzazione normale
Vista MARC
- Federico dell’Addolorata
di Personal Name
Records bibliografici associati: 1
001 - CONTROL NUMBER
- control field: 35640
003 - CONTROL NUMBER IDENTIFIER
- control field: IT-RoPau
005 - DATE AND TIME OF LATEST TRANSACTION
- control field: 20150728223332.0
008 - FIXED-LENGTH DATA ELEMENTS
- fixed length control field: 150728|| aca||aabn | a|a d
040 ## - CATALOGING SOURCE
- Original cataloging agency: IT-RoPau
- Transcribing agency: IT-RoPau
100 ## - HEADING--PERSONAL NAME
- Personal name: Federico dell’Addolorata
670 ## - SOURCE DATA FOUND
- Source citation: Work cat.: (IT-RoPau)27770: Federico dell’Addolorata, L’infallibilità pontificia secondo il Ven. P. Domenico della Madre di Dio, passionista